<?xml version="1.0" encoding="UTF-8"?><?xml-stylesheet type="text/xsl" href="static/style.xsl"?><OAI-PMH xmlns="http://www.openarchives.org/OAI/2.0/" xmlns:xsi="http://www.w3.org/2001/XMLSchema-instance" xsi:schemaLocation="http://www.openarchives.org/OAI/2.0/ http://www.openarchives.org/OAI/2.0/OAI-PMH.xsd"><responseDate>2026-04-29T11:00:27Z</responseDate><request verb="GetRecord" identifier="oai:uvadoc.uva.es:10324/20963" metadataPrefix="marc">https://uvadoc.uva.es/oai/request</request><GetRecord><record><header><identifier>oai:uvadoc.uva.es:10324/20963</identifier><datestamp>2021-06-29T16:41:15Z</datestamp><setSpec>com_10324_38</setSpec><setSpec>col_10324_852</setSpec></header><metadata><record xmlns="http://www.loc.gov/MARC21/slim" xmlns:doc="http://www.lyncode.com/xoai" xmlns:xsi="http://www.w3.org/2001/XMLSchema-instance" xmlns:dcterms="http://purl.org/dc/terms/" xsi:schemaLocation="http://www.loc.gov/MARC21/slim http://www.loc.gov/standards/marcxml/schema/MARC21slim.xsd">
<leader>00925njm 22002777a 4500</leader>
<datafield tag="042" ind1=" " ind2=" ">
<subfield code="a">dc</subfield>
</datafield>
<datafield tag="720" ind1=" " ind2=" ">
<subfield code="a">Rodríguez Fernández, Adrián</subfield>
<subfield code="e">author</subfield>
</datafield>
<datafield tag="260" ind1=" " ind2=" ">
<subfield code="c">2016</subfield>
</datafield>
<datafield tag="520" ind1=" " ind2=" ">
<subfield code="a">En este Trabajo de Fin de Grado se pretende desarrollar una herramienta e-Learning que sirva de soporte a la comunidad docente para la organización de actividades georreferenciadas. &#xd;
La idea nace fruto de la necesidad de responder a la evolución de los métodos docentes, promovidas por el rápido avance de las tecnologías y los nuevos planes de estudio. En este contexto, el juego de la caza del tesoro ofrece la posibilidad de combinar la enseñanza fuera de las restricciones del aula, al mismo tiempo que amplía la motivación y el entusiasmo tanto de profesores como de alumnos. Así, particularizando el trabajo, se plantea el desarrollo de un nuevo módulo para la plataforma educativa Moodle que adapte al plano tecnológico el juego de la caza del tesoro mediante el uso de las tecnologías móviles, aportando soluciones y ventajas con respecto a la creación y desarrollo del juego en su formato tradicional. &#xd;
Para ello, se hace uso de un amplio abanico de tecnologías y librerías que facilitan el desarrollo web y la gestión de los datos espaciales.</subfield>
</datafield>
<datafield tag="024" ind2=" " ind1="8">
<subfield code="a">http://uvadoc.uva.es/handle/10324/20963</subfield>
</datafield>
<datafield ind1=" " ind2=" " tag="653">
<subfield code="a">[Pendiente de asignar]</subfield>
</datafield>
<datafield tag="245" ind1="0" ind2="0">
<subfield code="a">Creación de un módulo de actividad docente georreferenciada para Moodle</subfield>
</datafield>
</record></metadata></record></GetRecord></OAI-PMH>